| 000 | 02299nam a2200409 c 4500 | ||
|---|---|---|---|
| 003 | BLK | ||
| 005 | 20250228005530.0 | ||
| 008 | 180408b bul|||||r ||||||| ||bul|| | ||
| 010 | _aKNG00075958000 | ||
| 020 |
_a978-954-26-0542-3 _bиздат.: Хермес |
||
| 040 | _aBLK | ||
| 041 |
_aBUL _cBUL |
||
| 080 |
_aМеждународни политически отношения. Световна политика. Международна политика. Дипломация _b327 _x _z327 |
||
| 080 |
_aОбщество (в цялост). Обществото като система. - Обществено развитие в цялост. Социология на отделните обществени системи _b316.32 _x _z316.32 |
||
| 080 |
_aМеждународни икономически отношения. Външностопанска политика. Световно стопанство _b339.9 _x _z339.9 |
||
| 100 | 1 |
_aБърнет, Том _eпърви автор _9295494 |
|
| 700 | 1 |
_aГеймс, Алекс _eсъавт. _951692 |
|
| 139 |
_aБърнет, Том и др. _bБ 93 |
||
| 245 | 1 | 0 |
_aКой управлява света? _bВойната между глобализацията и демокрацията _cТом Бърнет; съавт. Алекс Геймс; прев. от англ. Надежда Иванова Розова. |
| 257 | _aGBR | ||
| 260 |
_аПловдив _bХермес _c2007 _fХасково : Полиграфюг |
||
| 300 |
_a320 с. _c20 см |
||
| 380 | _a3 | ||
| 490 | 1 | _aСерия Конспирацията | |
| 500 | _aОриг. загл. Who really runs the world ? / Thom Burnett Alex Games. - Том Бърнет - псевд. на англ. автор. - Библиогр. с. 309-311 ; Азб. показалец. | ||
| 504 | _a309-311 | ||
| 650 | 0 |
_aГлобални проблеми на човечеството _9270201 |
|
| 650 | 0 |
_aМеждународни отношения _9245477 |
|
| 653 | _aглобализация | ||
| 653 | _aмеждународни отношения | ||
| 852 | _aЦб 234543 | ||
| 856 | 4 |
_qpdf _u |
|
| 856 | 4 |
_qpdf _u |
|
| 942 |
_cKNG _n0 _04 |
||
| 944 |
_aCR _c22.06.2007 _k _lCRON CRON |
||
| 944 |
_aED _c16.08.2016 _kВиолета_Тройчева |
||
| 999 |
_c71587 _d71587 |
||